<?xml version="1.0" encoding="UTF-8"?>
<record
    xmlns:xsi="http://www.w3.org/2001/XMLSchema-instance"
    xsi:schemaLocation="http://www.loc.gov/MARC21/slim http://www.loc.gov/standards/marcxml/schema/MARC21slim.xsd"
    xmlns="http://www.loc.gov/MARC21/slim">

  <leader>02913nam2a22003971  4500</leader>
  <controlfield tag="001">rc\720709</controlfield>
  <controlfield tag="005">20250621233034.0</controlfield>
  <datafield tag="010" ind1=" " ind2=" ">
    <subfield code="a">5-89091-013-2</subfield>
    <subfield code="9">8000</subfield>
  </datafield>
  <datafield tag="035" ind1=" " ind2=" ">
    <subfield code="a">(NLR Aleph) 005977306</subfield>
  </datafield>
  <datafield tag="090" ind1=" " ind2=" ">
    <subfield code="a">6991877</subfield>
    <subfield code="c">6991877</subfield>
  </datafield>
  <datafield tag="100" ind1=" " ind2=" ">
    <subfield code="a">20031121d1997    |||y0rusy50      ca</subfield>
  </datafield>
  <datafield tag="101" ind1="0" ind2=" ">
    <subfield code="a">rus</subfield>
  </datafield>
  <datafield tag="102" ind1=" " ind2=" ">
    <subfield code="a">RU</subfield>
  </datafield>
  <datafield tag="105" ind1=" " ind2=" ">
    <subfield code="a">y   |||||||||</subfield>
  </datafield>
  <datafield tag="200" ind1="0" ind2=" ">
    <subfield code="a">&#x422;. 10</subfield>
  </datafield>
  <datafield tag="210" ind1=" " ind2=" ">
    <subfield code="d">1997</subfield>
    <subfield code="a">&#x411;. &#x43C;.</subfield>
  </datafield>
  <datafield tag="215" ind1=" " ind2=" ">
    <subfield code="a">415 &#x441;.</subfield>
  </datafield>
  <datafield tag="327" ind1="1" ind2=" ">
    <subfield code="a">&#x421;&#x43E;&#x434;&#x435;&#x440;&#x436;.: &#x420;&#x43E;&#x43C;&#x430;&#x43D;&#x44B;: &#x41E;&#x442;&#x43A;&#x440;&#x44B;&#x442;&#x438;&#x435; &#x420;&#x430;&#x444;&#x43B;&#x437;&#x430; &#x425;&#x43E;&#x443;; &#x41C;&#x430;&#x440;&#x430;&#x43A;&#x43E;&#x442;&#x43E;&#x432;&#x430; &#x431;&#x435;&#x437;&#x434;&#x43D;&#x430;. &#x420;&#x430;&#x441;&#x441;&#x43A;&#x430;&#x437;&#x44B;: &#x41D;&#x435;&#x43E;&#x431;&#x44B;&#x447;&#x430;&#x439;&#x43D;&#x44B;&#x439; &#x44D;&#x43A;&#x441;&#x43F;&#x435;&#x440;&#x438;&#x43C;&#x435;&#x43D;&#x442; &#x432; &#x41A;&#x430;&#x439;&#x43D;&#x43F;&#x43B;&#x430;&#x442;&#x446;&#x435;; &#x422;&#x430;&#x439;&#x43D;&#x430; &#x437;&#x430;&#x43C;&#x43A;&#x430; &#x413;&#x43E;&#x440;&#x441;&#x43E;&#x440;&#x438;-&#x413;&#x440;&#x44D;&#x43D;&#x434;&#x436;; &#x414;&#x436;&#x43E;&#x440;&#x434;&#x436; &#x412;&#x435;&#x43D;&#x43D; &#x438; &#x43F;&#x440;&#x438;&#x432;&#x438;&#x434;&#x435;&#x43D;&#x438;&#x435;; &#x41F;&#x43E;&#x447;&#x435;&#x43C;&#x443; &#x432; &#x43D;&#x43E;&#x432;&#x44B;&#x445; &#x434;&#x43E;&#x43C;&#x430;&#x445; &#x432;&#x43E;&#x434;&#x44F;&#x442;&#x441;&#x44F; &#x43F;&#x440;&#x438;&#x432;&#x438;&#x434;&#x435;&#x43D;&#x438;&#x44F;; &#x41A;&#x430;&#x440;&#x435;&#x442;&#x430; &#x43F;&#x440;&#x438;&#x437;&#x440;&#x430;&#x43A;&#x43E;&#x432;; &#x421;&#x435;&#x43A;&#x440;&#x435;&#x442; &#x43A;&#x43E;&#x43C;&#x43D;&#x430;&#x442;&#x44B; &#x43A;&#x443;&#x437;&#x435;&#x43D;&#x430; &#x414;&#x436;&#x435;&#x444;&#x444;&#x440;&#x438;; &#x417;&#x43B;&#x43E;&#x43F;&#x43E;&#x43B;&#x443;&#x447;&#x43D;&#x44B;&#x439; &#x432;&#x44B;&#x441;&#x442;&#x440;&#x435;&#x43B;; &#x422;&#x430;&#x439;&#x43D;&#x430; &#x41A;&#x43E;&#x43B;&#x432;&#x435;&#x440;&#x43B;&#x438;-&#x41A;&#x43E;&#x440;&#x442;&#x430;; &#x423;&#x436;&#x430;&#x441; &#x440;&#x430;&#x441;&#x449;&#x435;&#x43B;&#x438;&#x43D;&#x44B; &#x413;&#x43E;&#x43B;&#x443;&#x431;&#x43E;&#x433;&#x43E; &#x414;&#x436;&#x43E;&#x43D;&#x430;; &#x420;&#x443;&#x43A;&#x430;-&#x43F;&#x440;&#x438;&#x437;&#x440;&#x430;&#x43A;</subfield>
  </datafield>
  <datafield tag="461" ind1=" " ind2="0">
    <subfield code="1">001rc\1188699</subfield>
    <subfield code="1">2001#$a&#x421;&#x43E;&#x431;&#x440;&#x430;&#x43D;&#x438;&#x435; &#x441;&#x43E;&#x447;&#x438;&#x43D;&#x435;&#x43D;&#x438;&#x439;$f&#x41A;&#x43E;&#x43D;&#x430;&#x43D; &#x414;&#x43E;&#x439;&#x43B;&#x44C;$g[&#x421;&#x43E;&#x441;&#x442;. &#x410;.&#x412;. &#x413;&#x43B;&#x435;&#x431;&#x43E;&#x432;&#x441;&#x43A;&#x43E;&#x439;]$v&#x422;. 10</subfield>
    <subfield code="1">700#1$a&#x414;&#x43E;&#x439;&#x43B;&#x44C;$b&#x410;.&#x41A;.$g&#x410;&#x440;&#x442;&#x443;&#x440; &#x41A;&#x43E;&#x43D;&#x430;&#x43D;$f1859-1930</subfield>
    <subfield code="9">6957777</subfield>
    <subfield code="a">&#x414;&#x43E;&#x439;&#x43B;, &#x410;. &#x41A;. (1859-1930)</subfield>
    <subfield code="c">&#x421;&#x41F;&#x431;.</subfield>
    <subfield code="d">1997</subfield>
    <subfield code="f">&#x41A;&#x43E;&#x43D;&#x430;&#x43D; &#x414;&#x43E;&#x439;&#x43B;&#x44C;</subfield>
    <subfield code="n">&#x421;&#x438;&#x43C;&#x43F;&#x43E;&#x437;&#x438;&#x443;&#x43C;</subfield>
    <subfield code="t">&#x421;&#x43E;&#x431;&#x440;&#x430;&#x43D;&#x438;&#x435; &#x441;&#x43E;&#x447;&#x438;&#x43D;&#x435;&#x43D;&#x438;&#x439;</subfield>
    <subfield code="y">5890910035</subfield>
    <subfield code="v">&#x422;. 10</subfield>
  </datafield>
  <datafield tag="464" ind1=" " ind2="0">
    <subfield code="1">2001#$a&#x41E;&#x442;&#x43A;&#x440;&#x44B;&#x442;&#x438;&#x435; &#x420;&#x430;&#x444;&#x43B;&#x437;&#x430; &#x425;&#x43E;&#x443;</subfield>
    <subfield code="t">&#x41E;&#x442;&#x43A;&#x440;&#x44B;&#x442;&#x438;&#x435; &#x420;&#x430;&#x444;&#x43B;&#x437;&#x430; &#x425;&#x43E;&#x443;</subfield>
  </datafield>
  <datafield tag="464" ind1=" " ind2="0">
    <subfield code="1">2001#$a&#x41C;&#x430;&#x440;&#x430;&#x43A;&#x43E;&#x442;&#x43E;&#x432;&#x430; &#x431;&#x435;&#x437;&#x434;&#x43D;&#x430;</subfield>
    <subfield code="t">&#x41C;&#x430;&#x440;&#x430;&#x43A;&#x43E;&#x442;&#x43E;&#x432;&#x430; &#x431;&#x435;&#x437;&#x434;&#x43D;&#x430;</subfield>
  </datafield>
  <datafield tag="464" ind1=" " ind2="0">
    <subfield code="1">2001#$a&#x41D;&#x435;&#x43E;&#x431;&#x44B;&#x447;&#x430;&#x439;&#x43D;&#x44B;&#x439; &#x44D;&#x43A;&#x441;&#x43F;&#x435;&#x440;&#x438;&#x43C;&#x435;&#x43D;&#x442; &#x432; &#x41A;&#x430;&#x439;&#x43D;&#x43F;&#x43B;&#x430;&#x442;&#x446;&#x435;</subfield>
    <subfield code="t">&#x41D;&#x435;&#x43E;&#x431;&#x44B;&#x447;&#x430;&#x439;&#x43D;&#x44B;&#x439; &#x44D;&#x43A;&#x441;&#x43F;&#x435;&#x440;&#x438;&#x43C;&#x435;&#x43D;&#x442; &#x432; &#x41A;&#x430;&#x439;&#x43D;&#x43F;&#x43B;&#x430;&#x442;&#x446;&#x435;</subfield>
  </datafield>
  <datafield tag="464" ind1=" " ind2="0">
    <subfield code="1">2001#$a&#x422;&#x430;&#x439;&#x43D;&#x430; &#x437;&#x430;&#x43C;&#x43A;&#x430; &#x413;&#x43E;&#x440;&#x441;&#x43E;&#x440;&#x438;-&#x413;&#x440;&#x44D;&#x43D;&#x434;&#x436;</subfield>
    <subfield code="t">&#x422;&#x430;&#x439;&#x43D;&#x430; &#x437;&#x430;&#x43C;&#x43A;&#x430; &#x413;&#x43E;&#x440;&#x441;&#x43E;&#x440;&#x438;-&#x413;&#x440;&#x44D;&#x43D;&#x434;&#x436;</subfield>
  </datafield>
  <datafield tag="464" ind1=" " ind2="0">
    <subfield code="1">2001#$a&#x414;&#x436;&#x43E;&#x440;&#x434;&#x436; &#x412;&#x435;&#x43D;&#x43D; &#x438; &#x43F;&#x440;&#x438;&#x432;&#x438;&#x434;&#x435;&#x43D;&#x438;&#x435;</subfield>
    <subfield code="t">&#x414;&#x436;&#x43E;&#x440;&#x434;&#x436; &#x412;&#x435;&#x43D;&#x43D; &#x438; &#x43F;&#x440;&#x438;&#x432;&#x438;&#x434;&#x435;&#x43D;&#x438;&#x435;</subfield>
  </datafield>
  <datafield tag="464" ind1=" " ind2="0">
    <subfield code="1">2001#$a&#x41F;&#x43E;&#x447;&#x435;&#x43C;&#x443; &#x432; &#x43D;&#x43E;&#x432;&#x44B;&#x445; &#x434;&#x43E;&#x43C;&#x430;&#x445; &#x432;&#x43E;&#x434;&#x44F;&#x442;&#x441;&#x44F; &#x43F;&#x440;&#x438;&#x432;&#x438;&#x434;&#x435;&#x43D;&#x438;&#x44F;</subfield>
    <subfield code="t">&#x41F;&#x43E;&#x447;&#x435;&#x43C;&#x443; &#x432; &#x43D;&#x43E;&#x432;&#x44B;&#x445; &#x434;&#x43E;&#x43C;&#x430;&#x445; &#x432;&#x43E;&#x434;&#x44F;&#x442;&#x441;&#x44F; &#x43F;&#x440;&#x438;&#x432;&#x438;&#x434;&#x435;&#x43D;&#x438;&#x44F;</subfield>
  </datafield>
  <datafield tag="464" ind1=" " ind2="0">
    <subfield code="1">2001#$a&#x41A;&#x430;&#x440;&#x435;&#x442;&#x430; &#x43F;&#x440;&#x438;&#x437;&#x440;&#x430;&#x43A;&#x43E;&#x432;</subfield>
    <subfield code="t">&#x41A;&#x430;&#x440;&#x435;&#x442;&#x430; &#x43F;&#x440;&#x438;&#x437;&#x440;&#x430;&#x43A;&#x43E;&#x432;</subfield>
  </datafield>
  <datafield tag="464" ind1=" " ind2="0">
    <subfield code="1">2001#$a&#x421;&#x435;&#x43A;&#x440;&#x435;&#x442; &#x43A;&#x43E;&#x43C;&#x43D;&#x430;&#x442;&#x44B; &#x43A;&#x443;&#x437;&#x435;&#x43D;&#x430; &#x414;&#x436;&#x435;&#x444;&#x444;&#x440;&#x438;</subfield>
    <subfield code="t">&#x421;&#x435;&#x43A;&#x440;&#x435;&#x442; &#x43A;&#x43E;&#x43C;&#x43D;&#x430;&#x442;&#x44B; &#x43A;&#x443;&#x437;&#x435;&#x43D;&#x430; &#x414;&#x436;&#x435;&#x444;&#x444;&#x440;&#x438;</subfield>
  </datafield>
  <datafield tag="464" ind1=" " ind2="0">
    <subfield code="1">2001#$a&#x417;&#x43B;&#x43E;&#x43F;&#x43E;&#x43B;&#x443;&#x447;&#x43D;&#x44B;&#x439; &#x432;&#x44B;&#x441;&#x442;&#x440;&#x435;&#x43B;</subfield>
    <subfield code="t">&#x417;&#x43B;&#x43E;&#x43F;&#x43E;&#x43B;&#x443;&#x447;&#x43D;&#x44B;&#x439; &#x432;&#x44B;&#x441;&#x442;&#x440;&#x435;&#x43B;</subfield>
  </datafield>
  <datafield tag="464" ind1=" " ind2="0">
    <subfield code="1">2001#$a&#x422;&#x430;&#x439;&#x43D;&#x430; &#x41A;&#x43E;&#x43B;&#x432;&#x435;&#x440;&#x43B;&#x438;-&#x41A;&#x43E;&#x440;&#x442;&#x430;</subfield>
    <subfield code="t">&#x422;&#x430;&#x439;&#x43D;&#x430; &#x41A;&#x43E;&#x43B;&#x432;&#x435;&#x440;&#x43B;&#x438;-&#x41A;&#x43E;&#x440;&#x442;&#x430;</subfield>
  </datafield>
  <datafield tag="464" ind1=" " ind2="0">
    <subfield code="1">2001#$a&#x423;&#x436;&#x430;&#x441; &#x440;&#x430;&#x441;&#x449;&#x435;&#x43B;&#x438;&#x43D;&#x44B; &#x413;&#x43E;&#x43B;&#x443;&#x431;&#x43E;&#x433;&#x43E; &#x414;&#x436;&#x43E;&#x43D;&#x430;</subfield>
    <subfield code="t">&#x423;&#x436;&#x430;&#x441; &#x440;&#x430;&#x441;&#x449;&#x435;&#x43B;&#x438;&#x43D;&#x44B; &#x413;&#x43E;&#x43B;&#x443;&#x431;&#x43E;&#x433;&#x43E; &#x414;&#x436;&#x43E;&#x43D;&#x430;</subfield>
  </datafield>
  <datafield tag="464" ind1=" " ind2="0">
    <subfield code="1">2001#$a&#x420;&#x443;&#x43A;&#x430;-&#x43F;&#x440;&#x438;&#x437;&#x440;&#x430;&#x43A;</subfield>
    <subfield code="t">&#x420;&#x443;&#x43A;&#x430;-&#x43F;&#x440;&#x438;&#x437;&#x440;&#x430;&#x43A;</subfield>
  </datafield>
  <datafield tag="801" ind1=" " ind2="0">
    <subfield code="a">RU</subfield>
    <subfield code="b">NLR</subfield>
    <subfield code="g">psbo</subfield>
  </datafield>
  <datafield tag="801" ind1=" " ind2="1">
    <subfield code="a">RU</subfield>
    <subfield code="b">ELAR</subfield>
    <subfield code="2">rusmarc</subfield>
  </datafield>
  <datafield tag="852" ind1=" " ind2=" ">
    <subfield code="a">NLR</subfield>
    <subfield code="j">96-3/8396</subfield>
  </datafield>
  <datafield tag="942" ind1=" " ind2=" ">
    <subfield code="c">BOOK</subfield>
  </datafield>
  <datafield tag="980" ind1=" " ind2=" ">
    <subfield code="a">NB</subfield>
  </datafield>
  <datafield tag="995" ind1=" " ind2=" ">
    <subfield code="5">2013-10-26</subfield>
    <subfield code="b">NLR01</subfield>
    <subfield code="c">NLR01</subfield>
    <subfield code="e">RF8</subfield>
    <subfield code="f">5977306-10</subfield>
    <subfield code="k">96-3/8396</subfield>
    <subfield code="o">0</subfield>
    <subfield code="r">BOOK</subfield>
    <subfield code="s">9638396_</subfield>
  </datafield>
</record>
